000 005210000a22001810004500
003 MACL
005 20260129132817.0
008 160527b xxu||||| |||| 00| 0 eng d
040 _aMACL
_cMACL
041 _aHindi
082 _a891.433
100 _aगीतांजलिश्री
_960113
245 _aमाई
_cगीतांजलिश्री
260 _bराजकमल प्रकाशन
_c1993
_aपटना
350 _a60
650 _aNOVEL
_960114
942 _cHIN
_k891.433/GIT/S
_2ddc
999 _c21049
_d21049